000 00723nam a22001937a 4500
999 _c10485
_d10485
003 AR-CdUCM
008 190401b ||||| |||| 00| 0 spa d
020 _a8427810741
040 _aMUNICIPALIDAD PROVINCIAL DEL CUSCO
_cBIBLIOTECA MUNICIPAL DEL CUSCO
082 _aEP / 370.85 /
_bN27
110 _aEdiciones Nauta
_927371
245 _aEscuela para padres :
260 _aEspaña :
_bNauta,
_c1986.
300 _a72 páginas ;
_bimágenes.
_c32 cm.
505 _aContenido: v.1: Conoce a tu hijo hasta los 6 años -- v.2: conoce a tu hijo des los 6 años -- v.3: L a familia el marco de referencia -- v.4: El segundo hogar la escuela --
650 _aEscuela de padres.
_927372
942 _2ddc
_cLIBROS
945 _awfj